000 01340cam a22003254a 4500
999 _c7975
_d7975
001 12460975
003 GZU
005 20210513122003.0
008 010705s2001 enka b 001 0 eng
010 _a 2001040432
020 _a1840645733
040 _aDLC
_cDLC
_dDLC
042 _apcc
050 0 0 _aHG1725
_b.REG 2001
082 0 0 _a332.1
_221
245 0 4 _aThe regulation and supervision of banks /
_cedited by Maximilian J.B. Hall.
260 _aCheltenham, UK ;
_aNorthampton, MA :
_bEdward Elgar Pub.,
_c2001-
300 _av. <1 > :
_bill. ;
_c25 cm.
440 0 _aInternational library of critical writings in economics ;
_v133
440 3 _aAn Elgar reference collection
504 _aIncludes bibliographical references and index.
505 0 _av. 1. The case for and against banking regulation -- v. 2. Deposit insurance -- v. 3. The regulation of bank capital -- v. 4. Regulation and efficiency in banking.
650 0 _aBanks and banking
_xState supervision.
650 0 _aBanking law.
650 0 _aDeposit insurance.
700 1 _aHall, Maximilian.
906 _a7
_bcbc
_corignew
_d1
_eocip
_f20
_gy-gencatlg
942 _2olc
_cBK
_h1724
_iREG
_kHG